000
00340aam a2200145 4500
005
20161208143633.0
008
150427b xxu||||| |||| 00| 0 spa d
041
_a
Español
082
_a
177.6 C289c
100
_a
Carnegie, Dale
_9
34793
245
_a
Cómo ganar amigos
300
_a
247 páginas
650
_a
AMISTAD
_9
12349
942
_c
BK
999
_c
5052
_d
5052